000 00887nam a2200265Ia 4500
003 OSt
005 20221005105525.0
006 a|||||r|||| 00| 0
007 ta
008 221004b |||||||| |||| 00| 0 hin d
020 _a9788126729524 (hbk)
_cINR 799.00
024 _a34851
037 _bBR3079, 15/09/2017, Rajkamal Prakashan Pvt. Ltd.
_cTextual
040 _aCRL
_cCRL
_bhin
041 _2hin
_ahin
082 _aV2.J, 152Q6
100 _aज़मॉं, शाज़ी, ले.
245 0 _aअकबर
246 _aAkabara
260 _aनई दिल्ली
_bराजकमल प्रकाशन भारत
_c2016
300 _a341पृ0
_ccm.
650 _aअकबर
942 _hV2.J, 152Q6
_cTEXL
_2cc
999 _c1016074
_d1016074